Analýza záznamových prostriedkov v dokumentoch spektroskopickými metódami diplomová práca CD

Guardado en:
Detalles Bibliográficos
Autor principal: Valachovičová, Zuzana
Formato: Software Libro
Lenguaje:eslovaco
Publicado: Bratislava STU FCHPT 2013
Acceso en línea:Ver en el OPAC
Etiquetas: Agregar Etiqueta
Sin Etiquetas, Sea el primero en etiquetar este registro!

MARC

LEADER 00000nam a2200000 a 4500
005 20260127134152.0
007 co ugu
008 130820 2013 000 0 slo d
035 |a vtls010536696 
039 9 |y 201308200921  |z mschk03 
040 |a STUSCHK1  |b slo  |c STUSCHK1  |e AACR2 
100 1 |a Valachovičová, Zuzana 
245 1 |a Analýza záznamových prostriedkov v dokumentoch spektroskopickými metódami  |b diplomová práca CD  |c Zuzana Valachovičová 
260 |a Bratislava  |b STU FCHPT  |c 2013 
300 |a 1 optický disk 
500 |a Obhájené: 12.06.2013 
500 |a Štud. odbor: Chemické technológie 
500 |a Škol. pracovisko: Odd. polygrafie a aplikovanej fotochémie 
500 |a Evid. číslo: FCHPT-13576-50583 
910 |a SCHK95 
999 |c 5685  |d 5685